Diagnostika finančného zdravia vybraného podniku potravinárskeho priemyslu na Slovensku
Saved in:
| Main Author: | |
|---|---|
| Other Authors: | |
| Format: | Manuscript Book |
| Language: | Slovak |
| Published: |
2022
|
| Subjects: | |
| Online Access: | http://is.stuba.sk/zp/portal_zp.pl?podrobnosti=169965 |
| Tags: |
No Tags, Be the first to tag this record!
|
MARC
| LEADER | 00000ntm a22000003a 4500 | ||
|---|---|---|---|
| 001 | stuzp90419 | ||
| 003 | SK-STU | ||
| 005 | 20220604210922.0 | ||
| 007 | ta | ||
| 008 | 150427s2015----xo-----f-mn---000-0-slo-d | ||
| 040 | |a STU |b slo | ||
| 041 | 0 | |a slo | |
| 100 | 1 | |a Macíková, Lucia |u 902024 |k Z4 |4 aut |U Ústav manažmentu STU |T ÚM - Oddelenie manažmentu chemických a potravinárskych technológií |X 87016 |U R2024 |Y 408 |7 87016 | |
| 242 | 0 | 1 | |a Diagnostics of the financial health of a selected company in the food industry in Slovakia |y eng |
| 245 | 1 | 0 | |a Diagnostika finančného zdravia vybraného podniku potravinárskeho priemyslu na Slovensku |
| 260 | |c 2022 | ||
| 650 | 4 | |a podniková diagnostika |2 slo | |
| 650 | 4 | |a finančná analýza |2 slo | |
| 650 | 4 | |a finančné zdravie |2 slo | |
| 650 | 4 | |a financial health |2 eng | |
| 650 | 4 | |a financial analysis |2 eng | |
| 650 | 4 | |a corporate diagnostics |2 eng | |
| 700 | 1 | |a Majerník, Štefan |4 ths |X 53426 |7 A000053426 | |
| 856 | 4 | |u http://is.stuba.sk/zp/portal_zp.pl?podrobnosti=169965 | |